Historia de la China comunista / (Record no. 36470)

MARC details
000 -LEADER
campo de control de longitud fija 00802nam a2200241 i 4500
001 - NÚMERO DE CONTROL
campo de control 36470
003 - IDENTIFICADOR DE NÚMERO DE CONTROL
campo de control ES-MaACL
005 - FECHA Y HORA DE LA ÚLTIMA TRANSACCIÓN
campo de control 20230906155357.0
007 - CAMPO FIJO DE DESCRIPCIÓN FÍSICA--INFORMACIÓN GENERAL
campo de control de longitud fija t|
008 - DATOS DE LONGITUD FIJA--INFORMACIÓN GENERAL
campo de control de longitud fija 030218s1957 sp |||| | spa d
080 ## - NÚMERO DE LA CLASIFICACIÓN DECIMAL UNIVERSAL
Número de la Clasificación Decimal Universal 951"1918/1950"
100 1# - ENTRADA PRINCIPAL--NOMBRE DE PERSONA
Nombre de persona Brandt, Conrad.
9 (RLIN) 31351
245 10 - MENCIÓN DEL TÍTULO
Título Historia de la China comunista /
Mención de responsabilidad, etc. Conrad Brandt, Benjamín Schwartz, John E. Fairbank ; [traducción directa del inglés por Carlos Sempau].
250 ## - MENCION DE EDICION
Mención de edición 1ª ed.
260 ## - PUBLICACIÓN, DISTRIBUCIÓN, ETC.
Lugar de publicación, distribución, etc. Barcelona :
Nombre del editor, distribuidor, etc. A.H.R.,
Fecha de publicación, distribución, etc. 1957 (
Fabricante Socitra)
300 ## - DESCRIPCIÓN FÍSICA
Extensión 533 p. ;
Dimensiones 21 cm.
650 #4 - PUNTO DE ACCESO ADICIONAL DE MATERIA--TÉRMINO DE MATERIA
Término de materia o nombre geográfico como elemento de entrada Comunismo-
Subdivisión geográfica China.
9 (RLIN) 11215
651 #4 - PUNTO DE ACCESO ADICIONAL DE MATERIA--NOMBRE GEOGRÁFICO
Nombre geográfico China-
Subdivisión general Historia-
Subdivisión cronológica 1912-1949, República.
9 (RLIN) 159986
700 1# - ENTRADA AGREGADA--NOMBRE PERSONAL
Nombre de persona Schwartz, Benjamín.
9 (RLIN) 104862
700 1# - ENTRADA AGREGADA--NOMBRE PERSONAL
Nombre de persona Fairbank, John E.
9 (RLIN) 48648
700 1# - ENTRADA AGREGADA--NOMBRE PERSONAL
Nombre de persona Sempau, Carlos.
9 (RLIN) 105396
852 ## - LOCALIZACIÓN
Ubicación ES-MaACL
Número de control de estantería C-12884
Holdings
Estatus retirado Estado de pérdida Estado de daño No para préstamo Biblioteca de origen Biblioteca actual Ubicación en estantería Fecha de adquisición Fuente de adquisición Total de préstamos Signatura topográfica completa Código de barras Visto por última vez Precio de reemplazo Tipo de ítem Koha
        Biblioteca del Ateneo de Madrid Biblioteca del Ateneo de Madrid Sala Palomar 17/01/2008     C-12884 1038310 23/02/2023 23/02/2023 Libro impreso